Quizzes
Events
Quiz Creation
Community
Videos
Private Events
Remove Ads
Sign In
Join for FREE
Feedback
Dark Mode
Quiz Categories
Sports
Geography
Music
Movies
Television
Just For Fun
Miscellaneous
History
Literature
Language
Science
Gaming
Entertainment
Religion
Holiday
For Kids
Quiz Lab
Recent
Popular Today
Quiz Kudos Today
Editor Picks
Curator Picks
Quizzes by...
Day
Popularity
Type
Ratings
Length
Year
Community
Subscriptions
Recent Discussions
Orange Saloon
Badges
Playlists
Quests
Create
Leaderboards
Showdown
Live 5
Trivia Bingo
Activity
Puzzle Library
Sporcle Events
Private Events
Virtual Trivia
Globe League
Become a Host
Pub Owners
SporcleCon
Opinionation
Our Games
Videos
Blog
Mobile Apps
Partnerships
Remove Ads and Go Orange
Feedback
Sports
Athletes
MLB
NBA
NHL
NFL
Soccer
Sports Teams
WWE
NCAA
Football
Premier League
Basketball
Baseball
Hockey
Golf
Tennis
Cricket
Rugby
Auto Racing
Olympics
World Cup
Sports
Athletes
MLB
NBA
NHL
NFL
Soccer
Sports Teams
WWE
NCAA
Football
Premier League
Basketball
Baseball
Hockey
Golf
Tennis
Cricket
Rugby
Auto Racing
Olympics
World Cup
Random Quiz
Search Sporcle
×
Quiz Lab
Quiz Lab
Sports
MLB
Type in answers that appear in a list
Type in answers that appear in a list
Classic
Best Score? Go Orange.
MLB Sluggers' First Career Home Run Stats
Can you name the pitcher who gave up these players' first career HR?
By
glanzerr
7m
20 Questions
42 Plays
42 Plays
42 Plays
Comments
Comments
Give Quiz Kudos
Give Quiz Kudos
-
- Ratings
hide this ad
More Info
Replay
Link that replays current quiz
Next Quiz
Link to next quiz in quiz playlist
You Got
0%
They Got
Avg Score
17%
Avg Friend Score
Upgrade to see
Score Distribution
Jump to the score distribution portion of the page
Score
0/20
Timer
07:00
0
Plays Today
Player/Team
Opposing Pitcher
% Correct
Jason Giambi, Athletics
David Cone
71.4%
Paul Konerko, Dodgers
Bob Wells
61.9%
Andruw Jones, Braves
Denny Neagle
31%
Ivan Rodriguez, Rangers
Storm Davis
23.8%
Manny Ramirez, Indians
Melido Perez
21.4%
Jim Edmonds, Angels
Rick Helling
19%
Lance Berkman, Astros
Andy Ashby
16.7%
Alex Rodriguez, Mariners
Tom Gordon
14.3%
Vladimir Guerrero, Expos
Mark Wohlers
14.3%
Jim Thome, Indians
Steve Farr
11.9%
Player/Team
Opposing Pitcher
% Correct
Carlos Lee, White Sox
Tom Candiotti
11.9%
Troy Glaus, Angels
Chris Carpenter
9.5%
Alfonso Soriano, Yankees
Norm Charlton
9.5%
Ken Griffey Jr, Mariners
Eric King
7.1%
Albert Pujols, Cardinals
Armando Reynoso
7.1%
David Ortiz, Twins
Julio Santana
7.1%
Chipper Jones, Braves
Josias Manzanillo
4.8%
Todd Helton, Rockies
Marc Wilkins
4.8%
Adam Dunn, Reds
Matt Clement
4.8%
Derrek Lee, Padres
Cory Bailey
4.8%
Quiz Playlist
Details
Report
Send in Message
Add To Playlist
More Info:
This game is going to be difficult... I know I wouldn't have gotten many answers.
Classic:
Type in answers that appear in a list
Quiz Source
Last Updated: Feb 16, 2017
Quiz Scoreboard
CHALLENGE
Sign Up to Join the Scoreboard
Show All
Scores
Hide
Comments
May contain spoilers
Recently Published
Movies - When Are They Set?
by FPL_Elf
Movies
5m
Popular People in 1961
by mucciniale
History
6m
1-10 Letter E Words III
by El_Dandy
Language
2m
More to Explore
Quiz From the Vault
Featured Blog Post
Where Did the Easter Bunny Come From?
hide this ad
You Might Also Like...
Tags
Baseball Quiz
MLB Quiz
Career
date
Gave
home
opponent
Opposing
Pitchers
Player
run
Slugger
team
Today's Top Quizzes in Sports
Browse Sports
hide this ad
Today's Top Quizzes in MLB
Browse MLB
Top Contributed Quizzes in Sports
1
Les meilleurs buteurs des matchs entre le PSG et l’OM
2
2022 World Cup Stars
3
FIFA Club World Cup Champions
4
Les entraîneurs de l'OM et du PSG au 21e siècle
5
Name the Premier League winners with different clubs
6
La finale Lions - Afrique du Sud 2021
7
Criteria MLB: Left Handed Sluggers
8
Les joueurs passés par le LOSC et le RC Lens
9
Players with Multiple 50 Home Run Seasons
10
MLB Players with Two .350 Batting Average Seasons
Explore More
Trending Topics
Crossword
NBA
Kpop
Marvel
Anime
Disney
Harry Potter
Puzzle
WWE
NFL
The Office
Country
Song
Pokémon
Soccer
hide this ad
More By:
glanzerr
Quiz
Plays
Rating
Category
Featured
Created
Emmy - Comedy Supporting Actor
13,504
4.45
Television
Nov 5, 2009
USA Today Top 50 NFL QB Rankings
10,618
4.07
Sports
Aug 12, 2010
Last 50 MLB Pitchers with 230 Strikeouts
6,201
4.48
Sports
Mar 18, 2011
Big 4 Sports Division Titles: 1990-2009
3,688
3.72
Sports
Sep 21, 2010
65 Stolen Bases Since 1965
3,522
4.42
Sports
Mar 18, 2011
Go to Creator's Profile
Score Distribution
Quiz Creator Spotlight
glanzerr
Follow
Send a Message
Quizzes Created
-
Created Quiz Play Count
-
More By This Creator
Popular Quizzes Today
1
Find the Countries of Europe - No Outlines Minefield
2
Find the US States - No Outlines Minefield
3
The Countries of the World
4
Popular People in 1961
5
US States
6
1-10 Letter E Words III
7
Find the US States
8
One Thing in Common: World Cities II
More Sports Quizzes
Sports Team Shoes
Published
Trending Quizzes
Risky Map Clicking: Least Populous States A-Z
1-10 Letter F Words
1-10 Letter G Words
One Thing in Common: United Kingdom
Risky Map Clicking: Next State Alphabetically
Recently Updated
Leaping Animals
pecheneg
Reality TV Shows (A-Z)
bhenderson79
Rickey Henderson's Hall of Fame Teammates
pecheneg
Champions League XIs: Arsenal
pecheneg
Quick Pick: Celebrities in WWE's Hall of Fame
aduchscher
A-Z Keypad Blitz II
pecheneg
Multiple Oscar Actors
pecheneg
Mystery Phrase Blitz: Oscar 'Best Actors'
pecheneg
F. Scott Fitzgerald Novels
LTH
Pick 3 Villains
ddd62291
Trending Topics
Crossword
Disney
Anime
NBA
Harry Potter
Marvel
Kpop
NFL
Country
WWE
Puzzle
The Office
Soccer
Song
Pokémon
Your Account Isn't Verified!
In order to create a playlist on Sporcle, you need to verify the email address you used during registration. Go to your
Sporcle Settings
to finish the process.
Report this User
Report this user for behavior that violates our
Community Guidelines
.
Details:
Send Report
Go to the Sporcle.com Mobile Site →
Comments